000 00648cam a22002171 4500
001 ne 67000099
003 DLC
005 20260227111828.0
008 880909s1964 ae 000 0 arar
010 _ane 67000099
035 _a(OCoLC)18461153
040 _aDLC
_cWaU
_dDLC
042 _apremarc
043 _af-ae---
050 0 0 _aPJ7866.R9
_bD5
100 1 _aAroua, Ahmed,
_d1926-
245 1 0 _aDhikrā wa-bushrā,
_bmin waḥy al-thawrah al-Jazāʼirīyah,
_cshiʼr Aḥmad ʻUrwah.
260 _aal-Jazāʼir,
_bMaktabat al-Sharakah al-Jazāʼirīyah
_c[1964]
300 _a98 p.
_c20 cm.
651 0 _aAlgeria
_xHistory
_y1945-1962
_vPoetry.
999 _c49314
_d49314